| 000 | 00436nam a22001577a 4500 | ||
|---|---|---|---|
| 005 | 20250315155825.0 | ||
| 008 | 241101b |||||||| |||| 00| 0 eng d | ||
| 020 | _a9781847039538 | ||
| 245 |
_aHanbury & Martin: Modern Equity _cMartin Jill E. |
||
| 250 | _aNineteenth Edition | ||
| 260 |
_aLondon _bSweet & Maxwell _c2012 |
||
| 300 |
_acxxi, 982 pages _c23.5 cm |
||
| 500 | _aIncludes Index | ||
| 650 |
_2Equity _vLAW |
||
| 942 |
_2lcc _cBK _n0 |
||
| 999 |
_c522 _d522 |
||